Movie Click Quiz by Letterboxd Description - H & I - Statistics

General Stats
  • This quiz has been taken 112 times
  • The average score is 9 of 12
Answer Stats
Hint Answer % Correct
Some guys just can't handle Vegas. Hangover (The)
93%
Mankind was born on earth. It was never meant to die here. Interstellar
88%
One upon a time in Nazi-occupied France... Inglorious Basterds
87%
Your mind is the scene of the crime. Inception
83%
May the odds be ever in your favor. Hunger Games (The)
81%
The true enigma was the man who cracked the code. Imitation Game (The)
79%
It looked like the perfect bank robbery. But you can't judge a crime by its cover. Inside Man
69%
Best friends, social trends, and occasional murder. Heathers
65%
Experience never gets old. Intern (The)
61%
Lights. Camera. Abduction. Hail, Caesar!
55%
No one comes up here without a damn good reason. Hateful Eight (The)
51%
Truth is the new banned substance. Icarus
43%
No matching quizzes found
Score Distribution
Percent of People with Each Score
Percentile by Number Answered
Your Score History
You have not taken this quiz